[Event "Midwest Masters"]
[Site "Chicago"]
[Date "1985.??.??"]
[Round "5"]
[White "Ahlstrom, S."]
[Black "Schiller, Eric"]
[Result "1-0"]
[WhiteElo "2200"]
[BlackElo "2230"]

1.c4 e6 2.Nf3 d5 3.d4 Nf6 4.Nc3 c6 5.e3 Nbd7 6.Bd3 dxc4 7.Bxc4 b5 8.Be2 Bb7
9.O-O Be7 10.a3 a5 11.e4 b4 12.axb4 axb4 13.Rxa8 Qxa8 14.e5 bxc3 15.exf6 Bxf6
16.bxc3 O-O 17.Bg5 Qa5 18.Bxf6 Nxf6 19.Qb3 Ba8 20.c4 h6 21.c5 Nd7 22.Qe3 Bb7
23.Rc1 Ba6 24.Bd1 Bb5 25.Bc2 Nf6 26.Be4 Ra8 27.Ne5 Nxe4 28.Qxe4 Qd2 29.Qe3 Ra2
30.Re1 f6 31.Qxd2 Rxd2 32.Nf3 Re2 33.Rxe2 Bxe2 34.d5 exd5 35.Nd4 Ba6 36.Nxc6 Kf7
37.Nd4 Bc8 38.f4 f5 39.Kf2 g5 40.g3 Kf6 41.Ke3 h5 42.h4 g4 43.Nc2 Ke6 44.Kd4 Ba6
45.Nb4 Bc4 46.c6 Kd6 47.c7  1-0

[Event "Capablanca mem-A"]
[Site "Cienfuegos"]
[Date "1985.??.??"]
[Round "3"]
[White "Sygulski, Artur"]
[Black "Vera, Reynaldo"]
[Result "1/2-1/2"]
[WhiteElo "2445"]
[BlackElo "2480"]

1.d4 d5 2.c4 e6 3.Nf3 Nf6 4.Nc3 c6 5.e3 Nbd7 6.Be2 Bd6 7.Qc2 O-O 8.O-O dxc4
9.Bxc4 e5 10.dxe5 Nxe5 11.Nxe5 Bxe5 12.h3 Qe7 13.a4 Rd8 14.Rd1 Be6 15.Bxe6 Qxe6
16.Bd2 h5 17.Be1 Bc7 18.Rxd8+ Rxd8 19.Rd1 Rxd1 20.Nxd1 Qd6 21.f4 Qe6 22.Kf1 Nd5
23.Qd3 Bb6 24.Bd2 f5 25.g3 Kf7 26.Kg2 Nf6 27.Nf2 Qd7 28.Qxd7+ Nxd7 29.a5 Bc5
30.Kf3 Nf6 31.g4 hxg4+ 32.hxg4 g6 33.gxf5 gxf5 34.Ke2 Ke6 35.Kd3 b5 36.axb6 axb6  1/2-1/2

[Event "Capablanca mem-B"]
[Site "Cienfuegos"]
[Date "1985.??.??"]
[Round "6"]
[White "Huerta, Ramon"]
[Black "Ortega, Lexy"]
[Result "1/2-1/2"]
[WhiteElo "2440"]
[BlackElo "2385"]

1.d4 d5 2.c4 c6 3.Nc3 Nf6 4.e3 e6 5.Nf3 Nbd7 6.Qc2 Bd6 7.b3 O-O 8.Be2 Re8
9.Bb2 e5 10.cxd5 cxd5 11.Nb5 Bb8 12.Rc1 e4 13.Nd2 Nf8 14.Nc7 Bxc7 15.Qxc7 Qxc7
16.Rxc7 Ne6 17.Rc2 Bd7 18.O-O Rec8 19.Rfc1 Rxc2 20.Rxc2 Ne8 21.Ba3 f5 22.f4 a5
23.Nb1 b5 24.Bc5 b4 25.Kf2 Rc8 26.Ke1 Nxc5 27.dxc5 Bc6 28.g4 g6 29.gxf5 gxf5
30.Bf1 Kf7 31.Nd2 Kf6 32.Bh3 Ng7 33.Nf1 Bb5 34.Ng3 Bd3 35.Rc1 Rc6 36.Bf1 Bxf1
37.Kxf1 Ne6 38.Ne2 Rxc5 39.Rxc5 Nxc5 40.Nd4 Nd3 41.Ke2 Nc1+ 42.Kd1 Nxa2 43.Kd2 Nc3
44.Kc2 a4 45.bxa4 Nxa4 46.Kb3 Nc5+ 47.Kxb4 Nd3+ 48.Kc3 Ne1 49.Kd2 Nf3+ 50.Nxf3 exf3
51.Ke1 d4 52.Kf2 Ke6 53.exd4 Kd5 54.Ke3 f2 55.Kxf2 Kxd4 56.Kf3 Kd3 57.Kf2 Ke4
58.Ke2 Kxf4 59.Kf2 h5 60.Ke2 Ke4 61.Kf2  1/2-1/2

[Event "Copenhagen op"]
[Site "Copenhagen"]
[Date "1985.??.??"]
[Round "6"]
[White "Welin, Thomas"]
[Black "Hector, Jonny"]
[Result "1-0"]
[WhiteElo "2395"]
[BlackElo "2295"]

1.Nf3 d5 2.d4 Nf6 3.c4 e6 4.Nc3 c6 5.e3 Nbd7 6.Bd3 Bd6 7.e4 Bb4 8.e5 dxc4
9.Bxc4 Nd5 10.Bd2 b6 11.Ne4 Be7 12.Bg5 O-O 13.O-O Bb7 14.Bxe7 Qxe7 15.Nd6 Rab8
16.Bxd5 exd5 17.Qa4 c5 18.Qxa7 f6 19.Qa4 fxe5 20.Nxe5 Nxe5 21.dxe5 Qxe5 22.Nxb7 Rxb7
23.Qc6 Rbb8 24.Rae1 Qf5 25.Re7 d4 26.Rd7 Rbe8 27.h3 Re6 28.Qb7 Qe5 29.f4 Qf6
30.Qf3 h6 31.f5 Re5 32.Qg4 Qg5 33.Qxg5 hxg5 34.g4 Re2 35.Rf2 Rfe8 36.f6 Rxf2
37.Rxg7+ Kf8 38.Kxf2 d3 39.Rd7 c4 40.Kf3 Re2 41.h4 gxh4 42.g5 Re1 43.Kg4 Rf1
44.Kxh4 Ke8 45.Rd4 Kf7 46.Kg4 b5 47.a3 Ke6 48.Kh5 Rf2 49.Kg6 Ke5 50.Rd8 Rxb2
51.f7 Rf2 52.Kg7 Ke4 53.g6 c3 54.f8=Q Rxf8 55.Kxf8 c2 56.g7 c1=Q 57.g8=Q  1-0

[Event "Copenhagen op"]
[Site "Copenhagen"]
[Date "1985.??.??"]
[Round "8"]
[White "Hoi, Carsten"]
[Black "Rasmussen, Karsten"]
[Result "0-1"]
[WhiteElo "2380"]
[BlackElo "2295"]

1.d4 d5 2.c4 e6 3.Nc3 c6 4.e3 Nf6 5.Nf3 Nbd7 6.Qc2 Bd6 7.Bd2 O-O 8.O-O-O c5
9.Kb1 a6 10.cxd5 exd5 11.Bd3 c4 12.Bf5 g6 13.Bh3 b5 14.e4 dxe4 15.Ng5 Re8
16.Ngxe4 Be7 17.d5 Nxe4 18.Nxe4 Nf6 19.Nxf6+ Bxf6 20.Bxc8 Rxc8 21.Bc3 Bxc3
22.Qxc3 Qd6 23.Rhe1 Rxe1 24.Qxe1 b4 25.Qe4 c3 26.Rc1 Rc5 27.Qxb4 Qxd5 28.Qf4 Qd3+
29.Rc2 h5 30.Qe3 Qf1+ 31.Rc1 c2+ 32.Ka1 Qd1 33.b4 Re5  0-1

[Event "Copenhagen op"]
[Site "Copenhagen"]
[Date "1985.??.??"]
[Round "10"]
[White "Clausen, Steen"]
[Black "Andersson, Tor"]
[Result "1/2-1/2"]
[WhiteElo "2285"]
[BlackElo "2245"]

1.d4 Nf6 2.Nf3 d5 3.c4 c6 4.e3 e6 5.Nc3 Be7 6.Bd3 O-O 7.b3 Nbd7 8.O-O Bd6
9.Bb2 a6 10.e4 dxe4 11.Nxe4 Nxe4 12.Bxe4 Nf6 13.Bc2 Qe7 14.Qd3 Ba3 15.Bxa3 Qxa3
16.Ne5 g6 17.c5 Nd5 18.Nc4 Qb4 19.Rfc1 Rd8 20.a3 Qc3 21.Qd1 Nf4 22.Bxg6 Qxd4
23.Bxf7+ Kxf7 24.Qf3 Qf6 25.Nd6+ Ke7 26.Ne4 Qf5 27.Nd6 Qf6 28.Ne4 Rd3 29.Qg4 e5
30.Nxf6 Bxg4 31.Nxg4 Ne2+ 32.Kf1 Nxc1 33.Rxc1 Ke6 34.Re1 Rd5 35.b4 h5 36.Ne3 Rd4
37.h3 Rf8 38.g4 Rd2 39.Nf5 hxg4 40.hxg4 Rxf5 41.gxf5+ Kxf5 42.Re3 Rd4  1/2-1/2

[Event "Dortmund"]
[Site "Dortmund"]
[Date "1985.??.??"]
[Round "7"]
[White "Garcia Palermo, Carlos"]
[Black "Boehm, Juergen"]
[Result "1/2-1/2"]
[WhiteElo "2515"]
[BlackElo "2265"]

1.d4 d5 2.c4 e6 3.Nc3 c6 4.e3 Nf6 5.Nf3 Nbd7 6.Ne5 Nxe5 7.dxe5 Nd7 8.f4 Be7
9.Be2 O-O 10.O-O b6 11.Kh1 Bb7 12.e4 dxc4 13.Bxc4 b5 14.Be2 Nc5 15.b4 Qxd1
16.Rxd1 Na6 17.a3 Rfd8 18.Be3 Kf8 19.f5 Rxd1+ 20.Rxd1 Nb8 21.Bd4 Nd7 22.Bg4 c5
23.bxc5 Bxc5 24.fxe6 fxe6 25.Bxe6 Bxd4 26.Rxd4 Nxe5 27.Nxb5 Ke7 28.Bd5 Rc8
29.h3 Ba6 30.a4 Bxb5 31.axb5 Rc1+ 32.Kh2 Rb1 33.Ra4 Rxb5 34.Rxa7+ Kf6 35.Ra6+ Kg5
36.Kg3 g6 37.Re6 Nd3 38.Bc4 Re5 39.h4+ Kh6 40.Rd6 Nc5 41.Bd5 Nxe4+ 42.Bxe4 Rxe4  1/2-1/2

[Event "Dresden"]
[Site "Dresden"]
[Date "1985.??.??"]
[Round "7"]
[White "Boensch, Uwe"]
[Black "Chekhov, Valery A"]
[Result "1-0"]
[WhiteElo "2460"]
[BlackElo "2495"]

1.d4 d5 2.Nf3 Nf6 3.c4 e6 4.Nc3 c6 5.e3 Nbd7 6.Bd3 dxc4 7.Bxc4 b5 8.Be2 Bb7
9.O-O b4 10.Na4 Rc8 11.b3 Be7 12.Bb2 O-O 13.Rc1 c5 14.Ne5 cxd4 15.Nxd7 Qxd7
16.Qxd4 Rxc1 17.Rxc1 Rc8 18.Rxc8+ Bxc8 19.f3 Qc7 20.e4 Bd7 21.Qc4 Qxc4 22.Bxc4 Bxa4
23.bxa4 Nd7 24.Kf1 Nb6 25.Bb5 a5 26.Bd4 Bd8 27.Ke2 f6 28.Kd3 Kf7 29.Kc2 Bc7
30.Kb3 h5 31.h3 e5 32.Be3 h4 33.Bd2 Nc8 34.Kc4 Bb6 35.Ba6 Nd6+ 36.Kd5 Ke7
37.Kc6 Bd4 38.Bd3 g5 39.Bc1 Bf2 40.Bb2 Be1 41.Kb6 Nc8+ 42.Kxa5 b3+ 43.Ka6 bxa2
44.Bc4 Kd7 45.Bxa2 Ne7 46.Bc4 Nc8 47.Ba3  1-0

[Event "Bundesliga 8485"]
[Site "Germany"]
[Date "1985.??.??"]
[Round "?"]
[White "Gruenberg, Rainer"]
[Black "Schlemmermeyer, Wilhelm"]
[Result "1/2-1/2"]
[WhiteElo "2255"]
[BlackElo "2220"]

1.d4 d5 2.c4 c6 3.Nc3 Nf6 4.Nf3 e6 5.e3 Nbd7 6.Qc2 Bd6 7.b3 O-O 8.Bb2 e5
9.Be2 e4 10.Nd2 a6 11.a4 Re8 12.Ba3 Bxa3 13.Rxa3 c5 14.cxd5 cxd4 15.exd4 Nb6
16.O-O Nbxd5 17.Nxd5 Qxd5 18.Qc5 Rd8 19.Nc4 Qxd4 20.Qc7 Ne8 21.Qe7 Rb8 22.Raa1 Be6
23.Rad1 Qf6  1/2-1/2

[Event "Bundesliga 8485"]
[Site "Germany"]
[Date "1985.??.??"]
[Round "?"]
[White "Meyer, Peter"]
[Black "Brueckner, Thomas"]
[Result "1/2-1/2"]
[WhiteElo "2230"]
[BlackElo "2265"]

1.d4 d5 2.c4 c6 3.Nf3 Nf6 4.Nc3 e6 5.e3 Nbd7 6.Bd3 dxc4 7.Bxc4 b5 8.Bd3 a6
9.e4 c5 10.e5 cxd4 11.Nxb5 Nxe5 12.Nxe5 axb5 13.Qf3 Bb4+ 14.Ke2 Rb8 15.Bg5 Rb6
16.Be4 Be7 17.Rhd1 Rd6 18.Bc6+ Kf8 19.Bd2 Qb6 20.Bb4 Rd8 21.Qa3 Qc7 22.Bxe7+ Qxe7
23.Qxe7+ Kxe7 24.Bxb5 Bb7 25.a4 Rd5 26.Nd3 Rc8 27.Rac1 Rxc1 28.Rxc1 Kd6 29.f3 h5
30.b4 Rg5 31.Kf2 e5 32.h4 Rf5 33.Nc5 Ba8  1/2-1/2

[Event "Bundesliga 8485"]
[Site "Germany"]
[Date "1985.??.??"]
[Round "?"]
[White "Miles, Anthony J"]
[Black "Grzesik, Thomas"]
[Result "1-0"]
[WhiteElo "2570"]
[BlackElo "2345"]

1.c4 Nf6 2.Nc3 e6 3.Nf3 d5 4.d4 c6 5.e3 Nbd7 6.a3 Bd6 7.b4 dxc4 8.Bxc4 O-O
9.Bb2 e5 10.Ba2 Qe7 11.Qc2 exd4 12.Nxd4 Ne5 13.h3 Re8 14.O-O Ng6 15.Nf5 Bxf5
16.Qxf5 Qe5 17.Qxe5 Nxe5 18.Rad1 Bf8 19.g3 a5 20.b5 Rac8 21.Bb3 Nf3+ 22.Kg2 Ng5
23.bxc6 bxc6 24.Na4 Rb8 25.Bc4 Nge4 26.Rc1 Nc5 27.Bxf6 Nxa4 28.Bd4 Nb2 29.Ba2 c5
30.Bc3 a4 31.Rb1 Nd3 32.Rxb8 Rxb8 33.Rd1 c4 34.Bxc4 Nb2 35.Bxb2 Rxb2 36.Rd7 Bxa3
37.Rxf7 h6 38.Ra7+ Kh8 39.Ra8+ Kh7 40.Bd3+ g6 41.Ra6 Bf8 42.Rxg6 a3 43.Rb6+ Kg7
44.Rxb2 axb2 45.g4 Bc5 46.Kg3 Kf6 47.Bb1 Bb6 48.h4 Bc5 49.Kf4 Bd6+ 50.Ke4 Bb4
51.f4  1-0

[Event "Bundesliga 8485"]
[Site "Germany"]
[Date "1985.??.??"]
[Round "?"]
[White "Nikolac, Juraj"]
[Black "Grzesik, Thomas"]
[Result "1-0"]
[WhiteElo "2450"]
[BlackElo "2345"]

1.d4 d5 2.c4 c6 3.Nf3 Nf6 4.Nc3 e6 5.e3 Nbd7 6.Bd3 Be7 7.O-O O-O 8.b3 b6
9.Bb2 Bb7 10.Qe2 c5 11.Rfd1 Qc7 12.cxd5 exd5 13.Rac1 Rad8 14.Bf5 Rfe8 15.Na4 Qb8
16.dxc5 Nxc5 17.Be5 Ba6 18.Qxa6 Nxa6 19.Bxb8 Rxb8 20.Nd4 g6 21.Bh3 Ba3 22.Rc6 Be7
23.Nc3 Kg7 24.g3 Red8 25.a3 Rd6 26.b4 Rdd8 27.Bf1 Nxb4 28.axb4 Bxb4 29.Ba6 Bxc3
30.Rxc3 Ne4 31.Rc7 Rd6 32.Rxa7 b5 33.f3 Nc3 34.Rc1 b4 35.Bd3 Rdb6 36.Kf2 Rc8
37.Ne2  1-0

[Event "Bundesliga 8485"]
[Site "Germany"]
[Date "1985.??.??"]
[Round "?"]
[White "Sonntag, Hans Hubert"]
[Black "Brueckner, Thomas"]
[Result "1/2-1/2"]
[WhiteElo "2305"]
[BlackElo "2215"]

1.d4 e6 2.c4 d5 3.Nc3 c6 4.e3 Nf6 5.Nf3 Nbd7 6.Bd3 Bb4 7.O-O O-O 8.a3 Ba5
9.b4 Bc7 10.cxd5 exd5 11.Bb2 Re8 12.Na4 a6 13.Nc5 Ne4 14.Qc2 Ndxc5 15.bxc5  1/2-1/2

[Event "Bundesliga 8485"]
[Site "Germany"]
[Date "1985.??.??"]
[Round "?"]
[White "Tielemann, K."]
[Black "Kiefer, Gerhard"]
[Result "0-1"]
[WhiteElo "2285"]
[BlackElo "2220"]

1.d4 d5 2.c4 c6 3.Nf3 e6 4.e3 Nf6 5.Nc3 Nbd7 6.Bd3 dxc4 7.Bxc4 b5 8.Bd3 a6
9.e4 c5 10.d5 c4 11.dxe6 fxe6 12.Bc2 Qc7 13.O-O Bd6 14.Ng5 Nb6 15.f4 e5 16.Qe1 O-O
17.f5 h6 18.Nf3 Bb7 19.Kh1 b4 20.Nd1 Nbd7 21.Nf2 a5 22.Bd2 Nc5 23.Qe3 Ba6
24.Rg1 Ncd7 25.g4 Bc5 26.Qe1 Bxf2 27.Qxf2 Nc5 28.g5 Nfxe4 29.Qh4 Nxd2 30.Nxd2 Bb7+
31.Ne4 Nxe4 32.Bxe4 Rxf5 33.Rg4 hxg5 34.Qg3 Rf4 35.Bxb7 Qxb7+ 36.Kg1 Qb6+
37.Kh1 Raf8 38.Rg1 Rxg4 39.Qxg4 Qc6+ 40.Qg2 Qxg2+ 41.Kxg2 Rd8 42.Rc1 Rd2+
43.Kg3 Rxb2 44.Rxc4 Rxa2 45.Rc5 b3 46.Rxe5 a4 47.Kg4 Rxh2 48.Kf5 Rf2+ 49.Kg6 b2
50.Rb5 a3  0-1

[Event "Bundesliga 8485"]
[Site "Germany"]
[Date "1985.??.??"]
[Round "?"]
[White "Vogel, Robert"]
[Black "Kreutzkamp, Reinhold"]
[Result "1/2-1/2"]
[WhiteElo "2245"]
[BlackElo "2260"]

1.d4 d5 2.c4 c6 3.Nc3 Nf6 4.Nf3 e6 5.e3 Nbd7 6.Bd3 dxc4 7.Bxc4 b5 8.Bd3 a6
9.e4 c5 10.e5 cxd4 11.Nxb5 Nxe5 12.Nxe5 axb5 13.Qf3 Bb4+ 14.Kd1 Qd5 15.Qxd5 Nxd5
16.Bxb5+ Kf8 17.Bd2 Bxd2 18.Kxd2 f6 19.Nc6 e5 20.Rhc1 Kf7 21.Rc5 Be6 22.a4 Rhc8
23.Rac1 g5 24.a5 h5 25.Bd3 Ne7 26.a6 e4 27.Nxe7 Rxc5 28.Rxc5 exd3 29.Rc7 Rxa6
30.Nc6+ Kg6 31.Nxd4 Bd5 32.Kxd3 Bxg2 33.b4 Ra2 34.Rc2 Rxc2 35.Nxc2 f5 36.Kd4 Kf6
37.b5 f4 38.Ne1 Ba8 39.Nd3 Kf5 40.b6 g4 41.Nc1 h4 42.Ne2 g3 43.fxg3 fxg3
44.Nxg3+  1/2-1/2

[Event "Nordic-ch"]
[Site "Gjovik"]
[Date "1985.??.??"]
[Round "?"]
[White "Hansen, Curt"]
[Black "Hansen, Jens Christian"]
[Result "1/2-1/2"]
[WhiteElo "2500"]
[BlackElo "2215"]

1.d4 Nf6 2.c4 e6 3.Nf3 d5 4.Nc3 c6 5.e3 Nbd7 6.Bd3 Bd6 7.O-O O-O 8.e4 Nxe4
9.Nxe4 dxe4 10.Bxe4 e5 11.dxe5 Nxe5 12.Nxe5 Bxe5 13.Bxh7+ Kxh7 14.Qh5+ Kg8
15.Qxe5 Re8 16.Qf4 Qa5 17.Bd2 Qf5 18.Rfe1 Be6 19.Qxf5 Bxf5 20.Rxe8+ Rxe8
21.Be3 a6 22.Rd1 Re7 23.Rd8+ Kh7 24.h3 Rd7 25.Rb8 Be6 26.b3 b5 27.c5 Rd1+
28.Kh2 a5 29.Ra8 Ra1 30.Rxa5 Bxb3 31.a3 Bd5 32.h4 Ra2 33.h5 Rc2 34.g4 Rc4
35.Kg3 Be6 36.f3 Ra4 37.Rxa4 bxa4 38.f4 g6 39.Kh4 gxh5 40.f5 Bd5 41.Kxh5 Kg8
42.Kg5 Bf3 43.Kf4 Bd1 44.Bd4  1/2-1/2

[Event "Havana-A"]
[Site "Havana"]
[Date "1985.??.??"]
[Round "?"]
[White "Utasi, Tamas"]
[Black "Huerta, Ramon"]
[Result "1-0"]
[WhiteElo "2480"]
[BlackElo "2440"]

1.d4 d5 2.c4 e6 3.Nc3 c6 4.Nf3 Nf6 5.e3 Nbd7 6.Bd3 dxc4 7.Bxc4 b5 8.Be2 Bb7
9.a3 b4 10.axb4 Bxb4 11.O-O O-O 12.Na2 Be7 13.Bd2 c5 14.Nc1 Qb8 15.Nb3 Ne4
16.Na5 Bd5 17.Bc3 Bd6 18.h3 Nb6 19.dxc5 Nxc3 20.bxc3 Bxc5 21.Qc2 Qc7 22.c4 Bxf3
23.Bxf3 Rac8 24.Rfb1 Nd7 25.Rb7 Qd6 26.Rd1 Qa6 27.Rdxd7 Qxa5 28.Be4 Qa1+
29.Rb1 Qf6 30.Bxh7+ Kh8 31.Be4 Rfd8 32.Rxd8+ Rxd8 33.g3 g6 34.Kg2 a5 35.Bf3 Rc8
36.Rb7 Kg7 37.h4 Bb4 38.Qe4 Qf5 39.Qd4+ Qf6 40.Rxf7+ Kxf7 41.Qd7+ Be7 42.Qxc8 a4
43.c5 a3 44.c6 Bd6 45.Qb7+ Qe7 46.Qb3 Qc7 47.h5 gxh5 48.Bxh5+ Kf6 49.Qc3+ Kg5
50.Bd1 a2 51.f4+ Kf5 52.Qc2+ Kf6 53.Qxa2 Qxc6+ 54.Bf3 Qc1 55.Qe2 Bc5 56.Kf2 Bb6
57.Qd3 Qb2+ 58.Be2 Qc1 59.Qe4 Qc3 60.g4 Ba5 61.g5+ Ke7 62.Bc4 Qd2+ 63.Kg3 Qd6
64.Qb7+ Ke8 65.Qb5+  1-0

[Event "Havana-B"]
[Site "Havana"]
[Date "1985.??.??"]
[Round "5"]
[White "Barreras, Alberto"]
[Black "Frey, Kenneth"]
[Result "0-1"]
[WhiteElo "2370"]
[BlackElo "2410"]

1.d4 d5 2.c4 c6 3.Nc3 e6 4.e3 Nf6 5.Nf3 Nbd7 6.Qc2 Bd6 7.b3 O-O 8.Bb2 dxc4
9.bxc4 e5 10.Be2 Qe7 11.O-O Re8 12.Rfe1 e4 13.Nd2 Nf8 14.f3 exf3 15.Bxf3 Ne6
16.Nce4 Nxe4 17.Bxe4 Qh4 18.Nf3 Qh5 19.Qe2 Ng5 20.Nxg5 Qxh2+ 21.Kf1 Qh1+
22.Kf2 Qh4+ 23.Kg1 Qxg5 24.Qd3 Qh4 25.Bf3 Bg3 26.Red1 Bf2+ 27.Kf1 Bxe3  0-1

[Event "Jurmala"]
[Site "Jurmala"]
[Date "1985.??.??"]
[Round "13"]
[White "Tal, Mihail"]
[Black "Bagirov, Vladimir"]
[Result "1/2-1/2"]
[WhiteElo "2565"]
[BlackElo "2475"]

1.Nf3 d5 2.d4 c6 3.c4 Nf6 4.Nc3 e6 5.e3 Nbd7 6.Bd3 dxc4 7.Bxc4 b5 8.Bd3 a6
9.e4 c5 10.d5 c4 11.dxe6 cxd3 12.exd7+ Qxd7 13.O-O Bb7 14.Ne5 Qd4 15.Nf3 Qd7
16.Ne5  1/2-1/2

[Event "Kecskemet op"]
[Site "Kecskemet "]
[Date "1985.??.??"]
[Round "6"]
[White "Portisch, Ferenc"]
[Black "Salanki, Endre"]
[Result "1-0"]
[WhiteElo "2415"]
[BlackElo "2265"]

1.d4 Nf6 2.c4 e6 3.Nc3 d5 4.Nf3 c6 5.e3 Nbd7 6.Bd3 Bd6 7.O-O O-O 8.e4 dxc4
9.Bxc4 e5 10.Bg5 Qe7 11.Re1 Nb6 12.Bb3 Bg4 13.h3 Bh5 14.Qd3 Rad8 15.Nh4 exd4
16.Nf5 Qc7 17.Nxd6 dxc3 18.e5 cxb2 19.Rab1 Bg6 20.Qg3 Rd7 21.Rxb2 Nfd5 22.a4 Nxa4
23.Bxa4 Qa5 24.Ra1 b5 25.Nxb5 cxb5 26.Rxb5 Qa6 27.Qa3 Qe6 28.Qxf8+ Kxf8 29.Rb8+ Qe8
30.Rxe8+ Kxe8 31.Bc6 Nb4 32.Bxd7+ Kxd7 33.Rxa7+ Ke6 34.f4 h6 35.Bh4 Kf5 36.Bg3 Nd3
37.Ra4 Nc5 38.Rc4 Ne4 39.Bh2 Nd2 40.Rd4 Ne4 41.g4+  1-0

[Event "Kecskemet op"]
[Site "Kecskemet "]
[Date "1985.??.??"]
[Round "9"]
[White "Hradeczky, Tamas"]
[Black "Horvath, Zoltan"]
[Result "1-0"]
[WhiteElo "2310"]
[BlackElo "2405"]

1.d4 Nf6 2.Nf3 e6 3.c4 d5 4.Nc3 c6 5.e3 Nbd7 6.Bd3 Be7 7.O-O O-O 8.b3 b6
9.Bb2 Bb7 10.Qe2 Rc8 11.Rfd1 Qc7 12.Rac1 Qb8 13.e4 dxe4 14.Nxe4 Qf4 15.Neg5 Rce8
16.Nh3 Qb8 17.Ne5 c5 18.Ng5 Qc7 19.Nxd7 Qxd7 20.d5 exd5 21.Bxf6 Bxf6 22.Bxh7+  1-0

[Event "WchT U26"]
[Site "Mendoza"]
[Date "1985.??.??"]
[Round "2"]
[White "Ricardi, Pablo"]
[Black "Russek, Guil"]
[Result "1-0"]
[WhiteElo "2335"]
[BlackElo "2280"]

1.d4 e6 2.c4 d5 3.Nf3 Nf6 4.Nc3 c6 5.e3 Nbd7 6.Bd3 Bd6 7.O-O O-O 8.e4 dxe4
9.Nxe4 Nxe4 10.Bxe4 Nf6 11.Bc2 h6 12.Qe2 b6 13.Ne5 Bb7 14.Bf4 Qe7 15.Rfe1 Rfe8
16.Qf3 Rad8 17.Qh3 Qf8 18.Re3 c5 19.Rg3 Kh8 20.Qh4 Ng8 21.Qh5 Re7 22.Bg5 Bxe5
23.Bxe7 Nxe7 24.dxe5 Rd2 25.Bd3 Rxb2 26.Rd1 Rxa2 27.Qg4 Nc6 28.Qe4 g6 29.Qf4 Qg7
30.Be4 Nd4 31.Bd3 a5 32.Qh4 Kh7 33.Qe7 Bc6 34.h4 a4 35.h5 Ne2+ 36.Bxe2 Rxe2
37.hxg6+ fxg6 38.Qxe6 Bb7 39.Rd7  1-0

[Event "WchT U26"]
[Site "Mendoza"]
[Date "1985.??.??"]
[Round "11"]
[White "Almada, Enrique"]
[Black "Russek, Guil"]
[Result "0-1"]
[WhiteElo "2235"]
[BlackElo "2280"]

1.d4 e6 2.Nf3 d5 3.c4 Nf6 4.Nc3 c6 5.e3 Nbd7 6.Bd3 Bb4 7.O-O O-O 8.a3 Ba5
9.b4 Bc7 10.e4 dxc4 11.Bxc4 e5 12.Bb2 exd4 13.Nxd4 Ne5 14.Be2 Ng6 15.Bf3 Nh4
16.Re1 Re8 17.Qd2 Qd6 18.e5 Rxe5 19.Be4 Rxe4 20.Nxe4  0-1

[Event "WchT U26"]
[Site "Mendoza"]
[Date "1985.??.??"]
[Round "12"]
[White "Ricardi, Pablo"]
[Black "Valkesalmi, Kimmo"]
[Result "1-0"]
[WhiteElo "2335"]
[BlackElo "2340"]

1.d4 d5 2.c4 c6 3.Nc3 Nf6 4.e3 e6 5.Nf3 Nbd7 6.Bd3 dxc4 7.Bxc4 b5 8.Be2 a6
9.e4 b4 10.e5 bxc3 11.exf6 Nxf6 12.bxc3 Bd6 13.O-O Qc7 14.Rb1 O-O 15.Bd3 c5
16.Bg5 c4 17.Bc2 Nd5 18.Qe1 f5 19.Bd2 Bd7 20.Qe2 h6 21.Rfe1 Rab8 22.h3 Rb5
23.a4 Rbb8 24.Qd1 Qc6 25.Ne5 Bxe5 26.Rxe5 Rxb1 27.Qxb1 Qd6 28.Qf1 Rc8 29.Qe2 Ne7
30.Qh5 Be8 31.Qe2 Bf7 32.Qf3 Ng6 33.Re1 Ne7 34.Bf4 Qd5 35.Qg3 g5 36.Be5 Ng6
37.h4 Nxh4 38.f4 Qd8 39.Rb1 Ng6 40.fxg5 Qxg5 41.Bd1 Qxg3 42.Bxg3 f4 43.Bh2 Ne7
44.Bf3 Nd5 45.Bxd5 exd5 46.Rb6 Re8 47.Bxf4 Re6 48.a5 h5 49.Kf2 Kg7 50.Bg3 Rf6+
51.Ke3 Re6+ 52.Be5+ Kf8 53.Kf4 Rg6 54.g3 Ke7 55.Rb7+ Ke8 56.Kf5 Rc6 57.Bf6 Be6+
58.Ke5 Bf7 59.Re7+ Kf8 60.Kf5 Rd6 61.Rc7 Ke8 62.Rc8+ Kd7 63.Rf8 Be6+ 64.Ke5 Rc6
65.Rd8+ Kc7 66.Rh8 Bg4 67.Bd8+ Kd7 68.Bb6 Bf3 69.Rh7+ Kc8 70.Ra7 Rg6 71.Rxa6 Be4
72.Ra7 Rxg3 73.a6 Kb8 74.Rb7+ Ka8 75.Rf7 Rg5+ 76.Kd6 h4 77.Kc5 Rg8 78.Bc7 h3
79.Kb6 Rg6+ 80.Ka5 Rg8 81.Bd6 Rd8 82.Be5 Re8 83.Rd7 Bf5 84.Rxd5 Ka7 85.Rd6 h2
86.Bxh2 Re2 87.Be5 Bc8 88.Kb5 Rb2+ 89.Kxc4 Bxa6+ 90.Kc5 Rb5+ 91.Kc6 Rb6+
92.Kc7 Rb7+ 93.Kc6 Rb6+ 94.Kd5 Rxd6+ 95.Bxd6 Kb6 96.c4 Bb7+ 97.Ke5 Kc6 98.Ke6  1-0

[Event "Montpellier zt"]
[Site "Montpellier"]
[Date "1985.??.??"]
[Round "?"]
[White "Van der Sterren, Paul"]
[Black "Kuijf, Marinus"]
[Result "1-0"]
[WhiteElo "2450"]
[BlackElo "2405"]

1.d4 d5 2.c4 c6 3.Nf3 Nf6 4.Nc3 e6 5.e3 Nbd7 6.Bd3 dxc4 7.Bxc4 b5 8.Bd3 a6
9.e4 c5 10.d5 c4 11.Bc2 Nc5 12.Bg5 b4 13.Na4 b3 14.axb3 cxb3 15.Nxc5 Bxc5
16.Bd3 Qb6 17.O-O exd5 18.Bxf6 gxf6 19.exd5 a5 20.Nd2 Bb7 21.Nxb3 Bb4 22.Be4 O-O-O
23.Qg4+ Kb8 24.Nxa5 Bxa5 25.Qg3+ Kc8 26.Bf5+ Rd7 27.Rac1+ Kd8 28.Qb8+ Ke7
29.Rfe1+ Bxe1 30.Rxe1+  1-0

[Event "Moscow-B"]
[Site "Moscow"]
[Date "1985.??.??"]
[Round "?"]
[White "Eingorn, Vereslav S"]
[Black "Kaidanov, Grigory S"]
[Result "1/2-1/2"]
[WhiteElo "2525"]
[BlackElo "2415"]

1.Nf3 Nf6 2.d4 d5 3.c4 c6 4.Nc3 e6 5.e3 Nbd7 6.Qc2 Bd6 7.Be2 O-O 8.O-O Re8
9.Rd1 Qc7 10.h3 h6 11.e4 Nxe4 12.Nxe4 dxe4 13.Qxe4 e5 14.c5 Bf8 15.Bf4 Nf6
16.Bxe5 Nxe4 17.Bxc7 Be6 18.Bd3 Bd5 19.Re1 Rac8 20.Bf4 Rcd8 21.Re3 g5 22.Bc7 Rd7
23.Bh2 f5 24.Ne5 Rdd8 25.Ree1 Be6 26.Bxe4 fxe4 27.Rxe4 Bf5 28.Re3 Rxd4 29.Nxc6 Rde4
30.Nd4 Bd7 31.Rxe4 Rxe4 32.Nf3 Bxc5 33.Rc1 b6 34.Rd1 Bb5 35.Bd6 Be2 36.Rd2 Bxd6
37.Rxd6 Bxf3 38.gxf3 Re2 39.b4 Rxa2 40.Rxh6 Rb2 41.Rc6  1/2-1/2

[Event "DEN-ch"]
[Site "Naestved"]
[Date "1985.??.??"]
[Round "?"]
[White "Hansen, Curt"]
[Black "Rasmussen, Karsten"]
[Result "1-0"]
[WhiteElo "2505"]
[BlackElo "2295"]

1.d4 d5 2.c4 e6 3.Nc3 c6 4.e3 Nf6 5.Nf3 Nbd7 6.Bd3 dxc4 7.Bxc4 b5 8.Bd3 Bb7
9.O-O b4 10.Ne4 Be7 11.Nxf6+ Nxf6 12.e4 O-O 13.e5 Nd7 14.Be4 h6 15.Be3 Qb8
16.Nd2 c5 17.Qg4 Kh8 18.Qh3 Bxe4 19.Nxe4 Kh7 20.f4 cxd4 21.Bxd4 Qb5 22.Rad1 Nc5
23.Nd6 Bxd6 24.exd6 Ne4 25.f5 exf5 26.Rxf5 Qe2 27.Rff1 f5 28.Rc1 Qd2 29.Rfd1 Qf4
30.Rc7 Nf6 31.Be3 Qg4 32.Qxg4 fxg4 33.Bxa7 Rad8 34.Bc5  1-0

[Event "New York op"]
[Site "New York"]
[Date "1985.??.??"]
[Round "8"]
[White "Zuckerman, Bernard"]
[Black "Gliksman, David N"]
[Result "1-0"]
[WhiteElo "2490"]
[BlackElo "2215"]

1.Nf3 Nf6 2.c4 e6 3.Nc3 d5 4.d4 c6 5.e3 Nbd7 6.Bd3 Be7 7.b3 O-O 8.O-O b6
9.Bb2 Bb7 10.Qe2 c5 11.Rad1 cxd4 12.exd4 Rc8 13.Ne5 g6 14.f4 Re8 15.Qe3 dxc4
16.bxc4 Bf8 17.Kh1 a6 18.Qh3 Qe7 19.a3 Red8 20.Rfe1 Nh5 21.Ne2 Ndf6 22.Qe3 Bh6
23.Kg1 Nd7 24.Qf2 Nhf6 25.Qh4 Nxe5 26.fxe5 Be3+ 27.Kf1 Nd5 28.Qg3 Bg5 29.cxd5 Bh4
30.d6 Rxd6 31.exd6 Qf6+ 32.Qf4  1-0

[Event "Nordic-chT"]
[Site "Pohja"]
[Date "1985.??.??"]
[Round "?"]
[White "Agdestein, Espen"]
[Black "Rodgaard, John"]
[Result "1/2-1/2"]
[WhiteElo "2325"]
[BlackElo "2365"]

1.d4 e6 2.c4 d5 3.Nc3 c6 4.Nf3 Nf6 5.e3 Nbd7 6.Bd3 Bd6 7.e4 dxe4 8.Nxe4 Nxe4
9.Bxe4 e5 10.O-O exd4 11.Qxd4 Qf6 12.Qd1 h6 13.Bc2 Ne5 14.Nxe5 Bxe5 15.Qd3 Be6
16.Be3 Rd8  1/2-1/2

[Event "Nordic-chT"]
[Site "Pohja"]
[Date "1985.??.??"]
[Round "?"]
[White "Danielsen, Henrik"]
[Black "Kuczynski, Robert"]
[Result "1-0"]
[WhiteElo "2365"]
[BlackElo "2405"]

1.d4 d5 2.Nf3 Nf6 3.c4 c6 4.Nc3 e6 5.e3 Nbd7 6.Bd3 dxc4 7.Bxc4 b5 8.Bd3 a6
9.e4 c5 10.d5 c4 11.dxe6 fxe6 12.Bc2 Qc7 13.O-O Bc5 14.Qe2 Ne5 15.Bf4 Nxf3+
16.Qxf3 Qc6 17.Bh6 Qc7 18.e5 Bb7 19.Qh3 gxh6 20.exf6 O-O-O 21.Be4 Kb8 22.Rae1 e5
23.Bxb7 Kxb7 24.Qf3+ Ka7 25.a4 b4 26.Nd5 Qd6 27.Ne7 Kb6 28.a5+ Kc7 29.Qf5 Bd4
30.Rc1 c3 31.bxc3 Bxc3 32.Qf3 Qe6 33.Rxc3+ bxc3 34.Rc1 e4 35.Qxc3+ Kd7 36.Nf5 Qd5
37.Qc7+ Ke6 38.Ne3 Qd7 39.Qb6+  1-0

[Event "Nordic-chT"]
[Site "Pohja"]
[Date "1985.??.??"]
[Round "?"]
[White "Ristoja, Aulikki"]
[Black "Wiese Jozwiak, Malgorzata"]
[Result "0-1"]
[WhiteElo "1905"]
[BlackElo "2180"]

1.d4 d5 2.c4 c6 3.e3 Nf6 4.Nc3 e6 5.Nf3 Bd6 6.c5 Be7 7.Bd3 O-O 8.O-O b6 9.b4 a5
10.Ba3 axb4 11.Bxb4 Na6 12.Bxa6 Bxa6 13.Re1 bxc5 14.dxc5 Qc7 15.Qd4 Nd7 16.Rac1 e5
17.Qd2 e4 18.Nd4 Bxc5 19.Nxd5 cxd5 20.Nf5 Bc4 21.Bxc5 Nxc5 22.Qc3 f6 23.Rc2 Qa5
24.Qxa5 Rxa5 25.h4 g6 26.Ne7+ Kf7 27.Nc6 Rxa2 28.Rxa2 Bxa2 29.Ra1 Rc8 30.Nd4 Bc4
31.Ra7+ Kg8 32.Kh2 Nb3 33.Ne6 d4 34.Nxd4 Nxd4 35.exd4 Rd8 36.Kg3 Rxd4 37.Ra8+ Kg7
38.Ra7+ Bf7 39.Ra3  0-1